La mise en scène du projet urbain : Pour une structuration des démarches (notice n° 1548757)
[ vue normale ]
| 000 -LEADER | |
|---|---|
| fixed length control field | 00996cam a2200133 4500500 |
| 005 - DATE AND TIME OF LATEST TRANSACTION | |
| control field | 20251012042337.0 |
| 041 ## - LANGUAGE CODE | |
| Language code of text/sound track or separate title | fre |
| 042 ## - AUTHENTICATION CODE | |
| Authentication code | dc |
| 100 10 - MAIN ENTRY--PERSONAL NAME | |
| Personal name | Avitabile alain |
| Relator term | author |
| 245 00 - TITLE STATEMENT | |
| Title | La mise en scène du projet urbain : Pour une structuration des démarches |
| 260 ## - PUBLICATION, DISTRIBUTION, ETC. | |
| Name of publisher, distributor, etc. | L'Harmattan,<br/> |
| Date of publication, distribution, etc. | 2005.<br/> |
| 520 ## - SUMMARY, ETC. | |
| Summary, etc. | Le projet urbain est devenu un «incontournable» du vocabulaire des acteurs de la ville et des territoires. Ce livre traite notamment la question du «process» en situant les différents acteurs présents sur la scène urbaine et celle du management des projets urbains. Il s’inscrit dans une exigence croissante de transparence et d’explication de la part des élus et des professionnels vis-à-vis de la société civile afin d’aller vers une plus grande démocratie à travers l’exercice du débat public et de la gouvernance urbaine. |
| 856 41 - ELECTRONIC LOCATION AND ACCESS | |
| Uniform Resource Identifier | <a href="https://shs.cairn.info/la-mise-en-scene-du-projet-urbain--9782747583534?lang=fr&redirect-ssocas=7080">https://shs.cairn.info/la-mise-en-scene-du-projet-urbain--9782747583534?lang=fr&redirect-ssocas=7080</a> |
Pas d'exemplaire disponible.




Réseaux sociaux